[Event "Werner-Ott-Open Kreuzberger Sommer 2018"]
[Site "Berlin"]
[Date "2018.07.08"]
[Round "9.1"]
[White "Stern, Rene"]
[Black "Radovanovic, Jovica"]
[Result "1-0"]
[WhiteElo "2510"]
[BlackElo "2311"]
[PlyCount "76"]
[EventDate "2018.06.30"]
[EventType "swiss"]
[EventRounds "9"]
[EventCountry "GER"]
[SourceTitle "WOOKS 2018 R9"]
[Source "Andreas Lange"]
[SourceDate "2018.07.08"]
[SourceVersion "1"]
[SourceVersionDate "2018.07.08"]
[SourceQuality "1"]
[WhiteTeam "SK Koenig Tegel 1949"]
[WhiteTeamCountry "GER"]

1. Nf3 c5 2. c4 Nc6 3. Nc3 Nd4 4. Ng1 $5 g6 {(=)} 5. e3 Nc6 6. Nf3 Bg7 7. d4
Nf6 8. d5 Na5 9. e4 d6 10. h3 O-O 11. Bd3 a6 12. O-O e6 13. a4 e5 14. Kh2 Nh5
15. g3 f5 16. exf5 gxf5 17. Nh4 Nf4 18. Bxf4 exf4 19. Qc2 Qg5 20. Ne2 Be5 21.
Nf3 Qf6 22. gxf4 Bxb2 23. Ra2 Bd4 24. Nexd4 cxd4 25. Qb2 b6 26. Qxb6 Nb7 27.
Rg1+ Kh8 28. Qxd4 Nc5 29. Qxf6+ Rxf6 30. Bc2 Rb8 31. Rb1 Rxb1 32. Bxb1 Rf7 33.
Nd4 Kg7 34. a5 Kg6 35. Rb2 Rb7 36. Rxb7 Nxb7 37. Nc6 Nc5 38. Bc2 Bd7 {Rest
unleserlich (73)} 1-0

[Event "Werner-Ott-Open Kreuzberger Sommer 2018"]
[Site "Berlin"]
[Date "2018.07.08"]
[Round "9.2"]
[White "Ahmadinia, Ebrahim"]
[Black "Malek, Daniel"]
[Result "1/2-1/2"]
[WhiteElo "2415"]
[BlackElo "2383"]
[PlyCount "146"]
[EventDate "2018.06.30"]
[EventType "swiss"]
[EventRounds "9"]
[EventCountry "GER"]
[SourceTitle "WOOKS 2018 R9"]
[Source "Andreas Lange"]
[SourceDate "2018.07.08"]
[SourceVersion "1"]
[SourceVersionDate "2018.07.08"]
[SourceQuality "1"]
[WhiteTeam "SF Berlin 1903"]
[BlackTeam "SK Zehlendorf"]
[WhiteTeamCountry "GER"]
[BlackTeamCountry "GER"]

1. e4 e5 2. Bc4 Nf6 3. d3 c6 4. Nf3 d5 5. Bb3 a5 6. a3 a4 7. Ba2 Bd6 8. O-O O-O
9. Bg5 dxe4 10. dxe4 h6 11. Bh4 Qe7 12. Nbd2 Bc7 13. Qe2 Be6 14. Bxe6 Qxe6 15.
Ne1 Nbd7 16. Nd3 b5 17. Rac1 Ba5 18. Rfd1 Rfb8 19. Nf1 Bb6 20. Qf3 g6 21. Ne3
Kg7 22. Rd2 Re8 23. Rcd1 Nc5 24. Nxc5 Bxc5 25. Bxf6+ {(=)} Qxf6 26. Qxf6+ Kxf6
27. Rd7 Ke6 28. c3 Re7 29. R7d2 Raa7 30. Kf1 h5 31. Rd8 Rad7 32. R1xd7 Rxd7 33.
Re8+ Re7 34. Rd8 Bxe3 35. fxe3 Rd7 36. Rc8 Rd2 37. Rxc6+ Kd7 38. Rc5 Rxb2 39.
Rxe5 Kd6 40. Re8 Rc2 41. Rd8+ Kc5 42. Rc8+ Kd6 43. Rd8+ Ke6 44. Re8+ Kf6 45.
Rb8 Rxc3 46. Ke2 Rb3 47. Kf3 g5 48. h3 Ke6 49. Rb6+ Ke5 50. g4 h4 51. Rc6 f6
52. Rb6 Rb2 53. Rc6 Rh2 54. Rc5+ Ke6 55. e5 Rxh3+ 56. Ke4 fxe5 57. Rxe5+ Kf6
58. Rxb5 Rg3 59. Rb6+ Ke7 60. Kf5 Rxe3 61. Kxg5 h3 62. Rb2 Rxa3 63. Kf4 Rb3 64.
Ra2 a3 65. g5 Ke6 66. Kg4 Kf7 67. Rc2 Ke6 68. Ra2 Ke5 69. Re2+ Kd4 70. Rh2 Rb1
71. Kxh3 Rg1 72. Ra2 Rxg5 73. Rxa3 Rg8 1/2-1/2

[Event "Werner-Ott-Open Kreuzberger Sommer 2018"]
[Site "Berlin"]
[Date "2018.07.08"]
[Round "9.3"]
[White "Kohler, Thomas"]
[Black "Hacker, Jonas"]
[Result "1/2-1/2"]
[WhiteElo "2147"]
[BlackElo "2291"]
[PlyCount "182"]
[EventDate "2018.06.30"]
[EventType "swiss"]
[EventRounds "9"]
[EventCountry "GER"]
[SourceTitle "WOOKS 2018 R9"]
[Source "Andreas Lange"]
[SourceDate "2018.07.08"]
[SourceVersion "1"]
[SourceVersionDate "2018.07.08"]
[SourceQuality "1"]
[WhiteTeam "SC Zitadelle Spandau 1977"]
[BlackTeam "SC Eppingen"]
[WhiteTeamCountry "GER"]
[BlackTeamCountry "GER"]

1. Nf3 d5 2. g3 c6 3. Bg2 Bg4 4. O-O Nd7 5. d4 Ngf6 6. Nbd2 e6 7. Re1 Bd6 8. e4
Nxe4 9. Nxe4 dxe4 10. Rxe4 Nf6 11. Re1 O-O 12. c3 {(=)} h6 13. Qb3 Qb6 14. Ne5
Bf5 15. Nc4 Qxb3 16. axb3 Bc7 17. Na5 Rab8 18. b4 a6 19. Nb3 Nd7 20. Be3 Bd6
21. Na5 Rfc8 22. Nc4 Bc7 23. Na5 Bd6 24. Nc4 Bc7 25. Na5 Nf6 26. Nb3 Bd6 27.
Nc5 Kh7 28. Bd2 Rc7 29. Bf1 g5 30. f3 Rg8 31. Ne4 Be7 32. Nf2 Bd6 33. Ne4 Be7
34. Nf2 h5 35. Nd3 Bd6 36. Ne5 Bf8 37. h3 g4 38. hxg4 hxg4 39. fxg4 Nxg4 40.
Nxg4 Rxg4 41. Bf4 Rd7 42. Be2 Rg7 43. Kf2 Kg8 44. Be5 Rh7 45. g4 Bg6 46. Rh1
Bg7 47. Rxh7 Bxh7 48. Bxg7 Kxg7 49. Ke3 Kf6 50. Kf4 Bg6 51. g5+ Kg7 52. Bf3 Bc2
53. Rh1 Rd8 54. Rh2 Bd3 55. Rh3 Bf5 56. Rh1 Rg8 57. Re1 Kf8 58. Rh1 Ke7 59. Re1
Kd6 60. Ra1 Bd3 61. Rh1 Ke7 62. Rh3 Bf5 63. Rh1 Kd6 64. Ra1 Bg6 65. Rh1 Re8 66.
Re1 Bc2 67. Rc1 Bd3 68. Rd1 Bf5 69. Bh5 Rh8 70. Rh1 Bg6 71. Bf3 Ra8 72. Ra1 Rd8
73. Bg2 Ke7 74. Rh1 Bd3 75. Rh3 Bb1 76. Rh1 Bc2 77. Rc1 Bb3 78. Rg1 Bc2 79. Bf3
Bg6 80. Rh1 Rb8 81. Ra1 Rf8 82. Rg1 Bc2 83. Rh1 Rd8 84. Rh2 Bd3 85. Rh3 Rg8 86.
Rh1 Rd8 87. Ke3 Bc2 88. Kf4 Ra8 89. Ra1 Ra7 90. Ke5 Bg6 91. Bg2 Bd3 1/2-1/2

[Event "Werner-Ott-Open Kreuzberger Sommer 2018"]
[Site "Berlin"]
[Date "2018.07.08"]
[Round "9.4"]
[White "Wierzbicki, Jirawat"]
[Black "Bui, Bao Anh Le"]
[Result "1/2-1/2"]
[WhiteElo "2161"]
[BlackElo "1883"]
[PlyCount "117"]
[EventDate "2018.06.30"]
[EventType "swiss"]
[EventRounds "9"]
[EventCountry "GER"]
[SourceTitle "WOOKS 2018 R9"]
[Source "Andreas Lange"]
[SourceDate "2018.07.08"]
[SourceVersion "1"]
[SourceVersionDate "2018.07.08"]
[SourceQuality "1"]
[WhiteTeam "SK Koenig Tegel 1949"]
[BlackTeam "SV Mattnetz Berlin"]
[WhiteTeamCountry "GER"]
[BlackTeamCountry "GER"]

1. e4 c5 2. c3 d5 3. exd5 Qxd5 4. d4 Nc6 5. Nf3 Bf5 6. Be3 cxd4 7. cxd4 Bxb1 8.
Qxb1 e5 9. dxe5 Bb4+ 10. Bd2 Bxd2+ 11. Nxd2 Qxe5+ 12. Qe4 Qxe4+ 13. Nxe4 O-O-O
14. Be2 Nd4 15. Bd3 Nf3+ 16. gxf3 Rxd3 17. Ke2 Rd8 18. Rhd1 Nh6 {(=)} 19. Rac1+
Kb8 20. Nc5 Rhe8+ 21. Kf1 Rxd1+ 22. Rxd1 Nf5 23. Rd5 g6 24. Nd7+ Kc7 25. Nf6
Rd8 26. Rxd8 Kxd8 27. Nxh7 Nd4 28. Kg2 Ne2 29. Ng5 Ke7 30. Ne4 Nc1 31. Nc3 Nd3
32. b3 a6 33. Kf1 Nf4 34. Ke1 f5 35. Kd2 Kd6 36. Ke3 Ng2+ 37. Kd3 Nf4+ {(=)}
38. Ke3 Ng2+ 39. Kd4 Nf4 40. Na4 Ne6+ 41. Ke3 b5 42. Nb2 g5 43. Nd3 Nc7 44. f4
Nd5+ 45. Kf3 g4+ 46. Kg3 Nc3 47. a3 Ne4+ 48. Kg2 a5 49. f3 gxf3+ 50. Kxf3 Nd2+
51. Ke3 Nf1+ {(=)} 52. Kd4 Nxh2 53. a4 bxa4 54. bxa4 Nf3+ 55. Kc4 Kc6 56. Nc1
Nh4 57. Nb3 Ng6 58. Nd4+ Kb6 59. Nxf5 1/2-1/2

[Event "Werner-Ott-Open Kreuzberger Sommer 2018"]
[Site "Berlin"]
[Date "2018.07.08"]
[Round "9.5"]
[White "Gebigke, Martin"]
[Black "Von Herman, Ulf"]
[Result "1/2-1/2"]
[WhiteElo "2050"]
[BlackElo "2354"]
[PlyCount "20"]
[EventDate "2018.06.30"]
[EventType "swiss"]
[EventRounds "9"]
[EventCountry "GER"]
[SourceTitle "WOOKS 2018 R9"]
[Source "Andreas Lange"]
[SourceDate "2018.07.08"]
[SourceVersion "1"]
[SourceVersionDate "2018.07.08"]
[SourceQuality "1"]
[WhiteTeam "SC Kreuzberg"]
[BlackTeam "SK Koenig Tegel 1949"]
[WhiteTeamCountry "GER"]
[BlackTeamCountry "GER"]

1. d4 Nf6 2. c4 e6 3. Nc3 d5 4. cxd5 exd5 5. Bg5 Be7 6. e3 c6 7. Bd3 Nbd7 8.
Qc2 Nh5 9. Bxe7 Qxe7 10. O-O-O g6 1/2-1/2

[Event "Werner-Ott-Open Kreuzberger Sommer 2018"]
[Site "Berlin"]
[Date "2018.07.08"]
[Round "9.6"]
[White "Krefenstein, Sergej"]
[Black "Kather, Yannick"]
[Result "0-1"]
[WhiteElo "2119"]
[BlackElo "2053"]
[PlyCount "120"]
[EventDate "2018.06.30"]
[EventType "swiss"]
[EventRounds "9"]
[EventCountry "GER"]
[SourceTitle "WOOKS 2018 R9"]
[Source "Andreas Lange"]
[SourceDate "2018.07.08"]
[SourceVersion "1"]
[SourceVersionDate "2018.07.08"]
[SourceQuality "1"]
[WhiteTeam "TuS Makkabi Berlin"]
[BlackTeam "SC Weisse Dame"]
[WhiteTeamCountry "GER"]
[BlackTeamCountry "GER"]

1. d4 Nf6 2. c4 g6 3. Nc3 d5 4. cxd5 Nxd5 5. e4 Nxc3 6. bxc3 Bg7 7. Nf3 c5 8.
Be3 Nc6 9. Qd2 Qa5 10. Rb1 a6 11. Rc1 O-O 12. d5 Rd8 13. c4 Nb4 14. a3 Qxa3 15.
Bxc5 Nc2+ 16. Qxc2 Qxc5 17. Bd3 a5 18. O-O Bg4 19. Nd2 a4 20. Rb1 Qa7 21. h3
Bd7 22. Nf3 Rac8 23. Qa2 Rc5 24. Qa3 b5 25. Rfc1 bxc4 26. Rxc4 Rdc8 27. Rbc1
Rxc4 28. Rxc4 Rb8 29. Bc2 Qa6 30. Rc7 Be8 31. e5 Rc8 32. Bd3 Qa8 33. Rxc8 Qxc8
34. Bb1 e6 35. Ba2 exd5 36. Bxd5 Bf8 37. Qa2 Qc1+ 38. Kh2 Qa3 39. Qd2 Qe7 40.
Qf4 Bg7 41. Qe4 a3 42. Ba2 Qc7 43. Bd5 Bc6 44. Bxc6 a2 45. Qa4 Bxe5+ 46. Nxe5
Qxe5+ 47. f4 Qb2 48. Bd5 a1=Q 49. Qe8+ Kg7 50. Qxf7+ Kh6 51. Qf8+ Qg7 52. Qe8
Qad4 53. Be4 Qe3 54. Qd8 Qxf4+ 55. g3 Qxe4 56. Qd2+ g5 57. Qd6+ Qeg6 58. Qd2
Qe6 59. h4 Qge7 60. g4 Qe2+ 0-1

[Event "Werner-Ott-Open Kreuzberger Sommer 2018"]
[Site "Berlin"]
[Date "2018.07.08"]
[Round "9.7"]
[White "Weber, Erwin"]
[Black "Jeremic, Dusan"]
[Result "1-0"]
[WhiteElo "1982"]
[BlackElo "2179"]
[PlyCount "139"]
[EventDate "2018.06.30"]
[EventType "swiss"]
[EventRounds "9"]
[EventCountry "GER"]
[SourceTitle "WOOKS 2018 R9"]
[Source "Andreas Lange"]
[SourceDate "2018.07.08"]
[SourceVersion "1"]
[SourceVersionDate "2018.07.08"]
[SourceQuality "1"]
[WhiteTeam "SC Weisse Dame"]
[BlackTeam "SF Berlin 1903"]
[WhiteTeamCountry "GER"]
[BlackTeamCountry "GER"]

1. Nf3 c5 2. e3 Nc6 3. d4 e6 4. Bd3 Nf6 5. Nbd2 d5 6. b3 cxd4 7. exd4 Bd6 8.
Bb2 O-O 9. a3 b6 10. Ne5 Bb7 11. f4 Nd7 12. O-O f6 13. Qh5 f5 14. Nxd7 Qxd7 15.
Rae1 Rf6 16. Qe2 Qe7 17. b4 Qc7 18. Qe3 Ne7 19. g3 Kh8 20. Nf3 Rg8 21. Ng5 Bc8
22. Qe2 Rgf8 23. Rf2 h6 24. Nf3 Rg8 25. Ng5 g6 26. Nf3 Qd7 27. c4 Kh7 28. c5
Bb8 29. Bb5 Qd8 30. Ne5 g5 31. Kh1 gxf4 32. Rxf4 Ng6 33. Nxg6 Rfxg6 34. Rf3 Rg4
35. Bd3 Qg5 36. Bc1 Qh5 37. Bf4 Bxf4 38. Rxf4 Qg5 39. Ref1 Rxf4 40. Rxf4 Qf6
41. Qf2 Bd7 42. Qc2 Rc8 43. Qd2 Kg7 44. Qf2 h5 45. Qe2 Be8 46. Ba6 Rb8 47. Bb5
bxc5 48. Bxe8 Rxe8 49. bxc5 Kg6 50. Rh4 Rh8 51. a4 Rh7 52. a5 Qe7 53. Rf4 Qf6
54. a6 Re7 55. Rh4 Qg5 56. Rf4 Qf6 {(=)} 57. Rh4 Qg5 58. Kg2 Re8 59. c6 Kf6 60.
Rxh5 Qc1 61. Rh4 Qxc6 62. Qe5+ Kg6 63. Qf4 Qc2+ 64. Kh3 Rg8 65. Rh6+ Kf7 66.
Qe5 Qc6 67. Rf6+ Ke7 68. Rh6 Kf7 69. Qf6+ Ke8 70. Rh7 1-0

[Event "Werner-Ott-Open Kreuzberger Sommer 2018"]
[Site "Berlin"]
[Date "2018.07.08"]
[Round "9.8"]
[White "Foerster, Jonas"]
[Black "Heerde, Thomas"]
[Result "1-0"]
[WhiteElo "2284"]
[BlackElo "2010"]
[PlyCount "57"]
[EventDate "2018.06.30"]
[EventType "swiss"]
[EventRounds "9"]
[EventCountry "GER"]
[SourceTitle "WOOKS 2018 R9"]
[Source "Andreas Lange"]
[SourceDate "2018.07.08"]
[SourceVersion "1"]
[SourceVersionDate "2018.07.08"]
[SourceQuality "1"]
[WhiteTeam "SV Empor Berlin"]
[BlackTeam "SC Weisse Dame"]
[WhiteTeamCountry "GER"]
[BlackTeamCountry "GER"]

1. d4 Nf6 2. c4 c5 3. d5 b5 4. Nf3 b4 5. Qc2 g6 6. e4 d6 7. Bd3 Nbd7 8. h3 Bg7
9. Bf4 O-O 10. O-O Ne8 11. Nbd2 a5 12. Rfe1 Ne5 13. Nxe5 dxe5 14. Be3 Nd6 15.
Bxc5 f5 16. a3 Rb8 17. axb4 axb4 18. Ba7 b3 19. Qc3 fxe4 20. Nxe4 Rb7 21. c5
Nxe4 22. Bxe4 Bf5 23. c6 Rxa7 24. Rxa7 Bxe4 25. Rxe4 Qxd5 26. Qc4 e6 27. c7 Rc8
28. Qxd5 exd5 29. Rb4 1-0

[Event "Werner-Ott-Open Kreuzberger Sommer 2018"]
[Site "Berlin"]
[Date "2018.07.08"]
[Round "9.9"]
[White "Rehberg, Raphael"]
[Black "Krueger, Robin-Kevin"]
[Result "1/2-1/2"]
[WhiteElo "2279"]
[BlackElo "1942"]
[PlyCount "49"]
[EventDate "2018.06.30"]
[EventType "swiss"]
[EventRounds "9"]
[EventCountry "GER"]
[SourceTitle "WOOKS 2018 R9"]
[Source "Andreas Lange"]
[SourceDate "2018.07.08"]
[SourceVersion "1"]
[SourceVersionDate "2018.07.08"]
[SourceQuality "1"]
[WhiteTeam "SG Lok Brandenburg"]
[BlackTeam "MTV Tostedt"]
[WhiteTeamCountry "GER"]
[BlackTeamCountry "GER"]

1. e4 e5 2. Bc4 Nf6 3. d3 Nc6 4. Nf3 Bc5 5. c3 O-O 6. Nbd2 d5 7. Bb3 dxe4 8.
dxe4 Qe7 9. O-O Rd8 10. Qe2 h6 11. Nc4 a5 12. a4 Be6 13. Bc2 Nd7 14. Rd1 Qf6
15. h3 Nf8 16. Ne3 Bxe3 17. fxe3 Nd7 18. Rf1 Qe7 19. b3 Qc5 20. Qe1 Qb6 21. Rb1
Nc5 22. Ba3 Nd3 23. Qe2 Nf4 24. Qf2 Nd3 25. Qe2 1/2-1/2

[Event "Werner-Ott-Open Kreuzberger Sommer 2018"]
[Site "Berlin"]
[Date "2018.07.08"]
[Round "9.10"]
[White "Woerz, Markus"]
[Black "Kauschmann, Herbert"]
[Result "1-0"]
[WhiteElo "2007"]
[BlackElo "2162"]
[PlyCount "85"]
[EventDate "2018.06.30"]
[EventType "swiss"]
[EventRounds "9"]
[EventCountry "GER"]
[SourceTitle "WOOKS 2018 R9"]
[Source "Andreas Lange"]
[SourceDate "2018.07.08"]
[SourceVersion "1"]
[SourceVersionDate "2018.07.08"]
[SourceQuality "1"]
[WhiteTeam "SC Kreuzberg"]
[BlackTeam "BSC Rehberge 1945"]
[WhiteTeamCountry "GER"]
[BlackTeamCountry "GER"]

1. e4 e6 2. d4 c5 3. Nf3 cxd4 4. Nxd4 Nf6 5. Nc3 d6 6. f4 Be7 7. Qf3 e5 8. Bb5+
Kf8 9. fxe5 dxe5 10. Nf5 Bxf5 11. Qxf5 a6 12. Ba4 b5 13. Bb3 Nc6 14. O-O Nd4
15. Qxe5 Bd6 16. Qg5 h6 17. Qh4 Nxb3 18. axb3 Qb6+ 19. Kh1 Be5 20. Nd5 Qc6 21.
Qf2 Rc8 22. Bd2 Qb7 23. Bb4+ Ke8 24. Qf5 Bxb2 25. Nxf6+ gxf6 26. Rad1 Rxc2 27.
Rd5 Qc8 28. Rfd1 Rc1 29. Qxc8+ Rxc8 30. Rd7 Be5 31. Re7+ Kf8 32. Rxe5+ Kg7 33.
Re7 Rhd8 34. Rf1 Rd3 35. Ra7 Rxb3 36. Bd6 Kg6 37. Rxa6 Kg5 38. Be7 Re8 39.
Bxf6+ Kg4 40. Ra7 Rxe4 41. Rxf7 Kh5 42. Rg7 Rf4 $5 {Noch 'ne Falle.} 43. g4+ (
43. Rxf4 $4 Rb1+ 44. Rf1 Rxf1#) 1-0

[Event "Werner-Ott-Open Kreuzberger Sommer 2018"]
[Site "Berlin"]
[Date "2018.07.08"]
[Round "9.11"]
[White "Federau, Juergen"]
[Black "Gelman, Josef"]
[Result "1/2-1/2"]
[WhiteElo "2127"]
[BlackElo "1989"]
[PlyCount "97"]
[EventDate "2018.06.30"]
[EventType "swiss"]
[EventRounds "9"]
[EventCountry "GER"]
[SourceTitle "WOOKS 2018 R9"]
[Source "Andreas Lange"]
[SourceDate "2018.07.08"]
[SourceVersion "1"]
[SourceVersionDate "2018.07.08"]
[SourceQuality "1"]
[WhiteTeam "SC Kreuzberg"]
[BlackTeam "SC Weisse Dame"]
[WhiteTeamCountry "GER"]
[BlackTeamCountry "GER"]

1. d4 d5 2. c4 e6 3. Nc3 Nf6 4. cxd5 exd5 5. Bg5 Be7 6. e3 O-O 7. Bd3 h6 8. Bh4
Nbd7 9. Nge2 c5 10. O-O b6 11. Rc1 Bb7 12. f3 Re8 13. Re1 Bf8 14. Bf2 a6 15. a4
Rc8 16. Ng3 cxd4 17. exd4 g6 18. Rxe8 Qxe8 19. Qf1 Nb8 20. Nge2 Bd6 21. Ng3 Rc7
22. Re1 Re7 23. Rxe7 Qxe7 24. Qc1 Kg7 25. Be3 Ng8 26. Nge2 Nd7 27. Bf4 Bxf4 28.
Qxf4 Ngf6 29. Kf2 Ne8 30. g3 Qd6 31. Qe3 Nef6 32. Bb1 Bc6 33. Qd3 Nb8 34. Nf4
Be8 35. Ba2 Bc6 36. Bb1 Be8 37. Bc2 Nc6 38. Bb3 Qb4 39. Ncxd5 Qxd4+ 40. Qxd4
Nxd4 41. Bd1 b5 42. Nc7 bxa4 43. Nxa6 g5 44. Nd3 Nd5 45. Nac5 Nb6 46. Ke3 Nf5+
47. Kd2 Nd6 48. Kc3 Nb5+ 49. Kd2 1/2-1/2

[Event "Werner-Ott-Open Kreuzberger Sommer 2018"]
[Site "Berlin"]
[Date "2018.07.08"]
[Round "9.12"]
[White "Sommaro, Katja"]
[Black "Dathe, Frederick"]
[Result "0-1"]
[WhiteElo "2087"]
[BlackElo "1895"]
[PlyCount "88"]
[EventDate "2018.06.30"]
[EventType "swiss"]
[EventRounds "9"]
[EventCountry "GER"]
[SourceTitle "WOOKS 2018 R9"]
[Source "Andreas Lange"]
[SourceDate "2018.07.08"]
[SourceVersion "1"]
[SourceVersionDate "2018.07.08"]
[SourceQuality "1"]
[WhiteTeam "SV Berolina Mitte"]
[BlackTeam "SC Kreuzberg"]
[WhiteTeamCountry "GER"]
[BlackTeamCountry "GER"]

1. c4 Nf6 2. Nc3 g6 3. g3 Bg7 4. Bg2 O-O 5. Nf3 d6 6. O-O e5 7. d3 Nc6 8. Rb1
a5 9. a3 h6 10. h3 Be6 11. b4 axb4 12. axb4 Qd7 13. Kh2 e4 14. Ne1 exd3 15.
exd3 d5 16. b5 Ne7 17. c5 d4 18. Ne2 Nfd5 19. Bd2 c6 20. Qc1 cxb5 21. Nf3 Bf5
22. Rb3 Nc6 23. Bxh6 Na5 24. Bxg7 Kxg7 25. Nexd4 Nxb3 26. Nxf5+ Qxf5 27. Qb2+
Nf6 28. Qxb3 Qxc5 29. Qb2 Qd6 30. Qxb5 b6 31. Rb1 Rfb8 32. Qb2 Ra3 33. d4 b5
34. Ne5 Ra6 35. Qb3 Qe6 36. Qc3 Rc8 37. Qb2 Ra2 38. Qxb5 Rxf2 39. Nd3 Rxg2+ 40.
Kxg2 Rc2+ 41. Nf2 Qe3 42. Rf1 Qxd4 43. Qb1 Rb2 44. Qd1 Rxf2+ 0-1

[Event "Werner-Ott-Open Kreuzberger Sommer 2018"]
[Site "Berlin"]
[Date "2018.07.08"]
[Round "9.13"]
[White "Rollwitz, Juergen"]
[Black "Schulz, Hartmut"]
[Result "0-1"]
[WhiteElo "1949"]
[BlackElo "2080"]
[PlyCount "78"]
[EventDate "2018.06.30"]
[EventType "swiss"]
[EventRounds "9"]
[EventCountry "GER"]
[SourceTitle "WOOKS 2018 R9"]
[Source "Andreas Lange"]
[SourceDate "2018.07.08"]
[SourceVersion "1"]
[SourceVersionDate "2018.07.08"]
[SourceQuality "1"]
[WhiteTeam "SC Rochade"]
[BlackTeam "SC Rochade"]
[WhiteTeamCountry "GER"]
[BlackTeamCountry "GER"]

1. d4 d5 2. Nf3 Bf5 3. e3 e6 4. Bd3 Bxd3 5. Qxd3 c6 6. O-O Nf6 7. Nbd2 Nbd7 8.
Ne5 Be7 9. b3 O-O 10. f4 Ne8 11. Bb2 f5 12. Nxd7 Qxd7 13. Nf3 Nf6 14. Ne5 Qe8
15. Rf3 Ne4 16. Rh3 Bd6 17. Nf3 Qd7 18. Qe2 Rac8 19. c4 g6 20. Qe1 Rf7 21. c5
Bc7 22. b4 Rff8 23. a4 Qg7 24. Qh4 Bd8 25. Qh6 Bf6 26. Rb1 Qxh6 27. Rxh6 b6 28.
Rh3 Rb8 29. cxb6 Rxb6 30. Ba3 Nc3 31. Rb3 Ne4 32. Ne5 Bxe5 33. fxe5 Rfb8 34.
Rf3 a5 35. Rf2 axb4 36. Bc1 c5 37. Rb1 c4 38. Ra1 Nc3 39. Rb2 Ne4 0-1

[Event "Werner-Ott-Open Kreuzberger Sommer 2018"]
[Site "Berlin"]
[Date "2018.07.08"]
[Round "9.14"]
[White "Schulz, Olaf"]
[Black "Silz, Elisa"]
[Result "0-1"]
[WhiteElo "2019"]
[BlackElo "1988"]
[PlyCount "80"]
[EventDate "2018.06.30"]
[EventType "swiss"]
[EventRounds "9"]
[EventCountry "GER"]
[SourceTitle "WOOKS 2018 R9"]
[Source "Andreas Lange"]
[SourceDate "2018.07.08"]
[SourceVersion "1"]
[SourceVersionDate "2018.07.08"]
[SourceQuality "1"]
[BlackTeam "SV Empor Berlin"]
[BlackTeamCountry "GER"]

1. b3 e5 2. Bb2 Nc6 3. e3 Nf6 4. Nf3 e4 5. Nd4 Nxd4 6. Bxd4 d5 7. Qe2 c6 8. c4
Be6 9. Nc3 Be7 10. cxd5 Bxd5 11. Nxd5 Qxd5 12. Rc1 O-O 13. Qc4 Rad8 14. Rc2 a5
15. g3 Ng4 16. h3 Nh6 17. Qc3 Bb4 18. Qb2 Nf5 19. Bc4 Qd6 20. Be5 Qg6 21. a3
Bd6 22. g4 Nh4 23. Be2 Rfe8 24. Bg3 Nf3+ 25. Bxf3 exf3 26. Bxd6 Rxd6 27. Rc3
Rd3 28. O-O Re4 29. Rc4 h5 30. Kh1 hxg4 31. Rxe4 Qxe4 32. Rg1 Qh7 33. Rg3 Rd5
34. Qc1 Rh5 35. Qf1 b5 36. d3 f5 37. Kh2 g5 38. a4 Kf7 39. axb5 cxb5 40. e4
Rxh3+ 0-1

[Event "Werner-Ott-Open Kreuzberger Sommer 2018"]
[Site "Berlin"]
[Date "2018.07.08"]
[Round "9.17"]
[White "Buttkus, Andre"]
[Black "Sondermann, Jonathan"]
[Result "1-0"]
[WhiteElo "2004"]
[BlackElo "1659"]
[PlyCount "67"]
[EventDate "2018.06.30"]
[EventType "swiss"]
[EventRounds "9"]
[EventCountry "GER"]
[SourceTitle "WOOKS 2018 R9"]
[Source "Andreas Lange"]
[SourceDate "2018.07.08"]
[SourceVersion "1"]
[SourceVersionDate "2018.07.08"]
[SourceQuality "1"]
[WhiteTeam "SK Tempelhof 1931"]
[BlackTeam "SC Borussia Lichtenberg"]
[WhiteTeamCountry "GER"]
[BlackTeamCountry "GER"]

1. e4 c5 2. Nc3 Nc6 3. Nf3 g6 4. d4 cxd4 5. Nxd4 Bg7 6. Nb3 Nf6 7. Be2 O-O 8.
O-O d6 9. Bg5 h6 10. Bh4 Nd7 11. Qd2 Nb6 12. Rab1 Ne5 13. Nd5 Nxd5 14. exd5 g5
15. Bg3 Bf5 16. f4 gxf4 17. Bxf4 Bg6 18. Bxh6 Bxh6 19. Qxh6 Bxc2 20. Rbc1 Bg6
21. Rc3 f6 22. Bh5 Bxh5 23. Rg3+ Bg4 24. Rxg4+ Nxg4 25. Qg6+ Kh8 26. Qh5+ Kg8
27. Qxg4+ Kh8 28. Qh5+ Kg7 29. Qg4+ Kh8 30. Qh5+ Kg7 31. Rf3 Rg8 32. Rg3+ Kf8
33. Qh6+ Kf7 34. Qh7+ 1-0

[Event "Werner-Ott-Open Kreuzberger Sommer 2018"]
[Site "Berlin"]
[Date "2018.07.08"]
[Round "9.19"]
[White "Matitschka, Heinz"]
[Black "Jansen, Robert"]
[Result "1-0"]
[WhiteElo "1939"]
[BlackElo "1748"]
[PlyCount "37"]
[EventDate "2018.06.30"]
[EventType "swiss"]
[EventRounds "9"]
[EventCountry "GER"]
[SourceTitle "WOOKS 2018 R9"]
[Source "Andreas Lange"]
[SourceDate "2018.07.08"]
[SourceVersion "1"]
[SourceVersionDate "2018.07.08"]
[SourceQuality "1"]
[WhiteTeam "TSG Oberschoeneweide"]
[BlackTeam "SC Kreuzberg"]
[WhiteTeamCountry "GER"]
[BlackTeamCountry "GER"]

1. d4 d5 2. c4 c6 3. Nc3 e6 4. e3 Nf6 5. Nf3 Bd6 6. b3 O-O 7. Be2 Nbd7 8. O-O
Re8 9. Bb2 Ne4 10. Qc2 f5 11. Nxe4 fxe4 12. Ne5 Qg5 13. f4 exf3 14. Rxf3 Nxe5
15. dxe5 Bxe5 16. Bxe5 Qxe5 17. Raf1 Bd7 18. Bd3 Qh5 19. Rh3 1-0

[Event "Werner-Ott-Open Kreuzberger Sommer 2018"]
[Site "Berlin"]
[Date "2018.07.08"]
[Round "9.41"]
[White "Zhou, Lepu Coco"]
[Black "Toth, Hans Juergen"]
[Result "1-0"]
[WhiteElo "1641"]
[BlackElo "1464"]
[PlyCount "71"]
[EventDate "2018.06.30"]
[EventType "swiss"]
[EventRounds "9"]
[EventCountry "GER"]
[SourceTitle "WOOKS 2018 R9"]
[Source "Andreas Lange"]
[SourceDate "2018.07.08"]
[SourceVersion "1"]
[SourceVersionDate "2018.07.08"]
[SourceQuality "1"]
[WhiteTeam "Schachpinguine Berlin"]
[BlackTeam "SF Zehdenick"]
[WhiteTeamCountry "GER"]
[BlackTeamCountry "GER"]

{Auf vielfachen Wunsch einer einzelnen Dame veröffentlicht. Und zur Warnung!} 
1. e4 e6 2. d4 d5 3. Nc3 Bb4 4. e5 c5 5. a3 Bxc3+ 6. bxc3 Ne7 7. Nf3 O-O 8. Bd3
h6 9. O-O c4 10. Be2 Nd7 11. Be3 f5 12. Qd2 Kh7 13. Ne1 Ng6 14. f4 Nb6 15. Rf3
Bd7 16. Rg3 Be8 17. Nf3 Nh4 18. Qe1 Nxf3+ 19. Bxf3 Na4 20. Bd2 b5 21. Rh3 Rb8
22. g4 Bg6 23. g5 Qe8 24. Qh4 h5 25. Kh1 Rh8 26. Rg1 Kg8 27. Qe1 Bf7 {Nur
etwas unvorsichtig.} 28. g6 $1 $18 Bxg6 29. Qg3 Rh6 30. Bxh5 Rb7 31. Bxg6 Rxh3
32. Qxh3 Rf7 33. Qh7+ Kf8 34. Be1 $1 Ke7 35. Bxf7 Qxf7 36. Rxg7 1-0